Eco-worriers (Record no. 11960)

MARC details
000 -LEADER
fixed length control field 00751cab a2200217 4500
001 - CONTROL NUMBER
control field ABS55686
008 - FIXED-LENGTH DATA ELEMENTS--GENERAL INFORMATION
fixed length control field 090401t1996 xxu||||| |||| 00| 0 eng d
035 ## - SYSTEM CONTROL NUMBER
System control number (Sirsi) u18037
041 0# - LANGUAGE CODE
Language code of text/sound track or separate title eng
100 1# - MAIN ENTRY--PERSONAL NAME
Personal name Outram, R.
245 00 - TITLE STATEMENT
Title Eco-worriers
260 ## - PUBLICATION, DISTRIBUTION, ETC.
Date of publication, distribution, etc. 1996
350 ## - PRICE (NR) (BK AM CF MU VM SE) [OBSOLETE]
Price 0
490 #0 - SERIES STATEMENT
Series statement Accountancy Age
Volume/sequential designation 11 July 1996, 18-19(2)
520 ## - SUMMARY, ETC.
Summary, etc. Reviews existing guidance and standards on environmental accounting as many company annual reports now include environmental statements.
520 ## - SUMMARY, ETC.
Summary, etc. This item is no longer held by the RICS Library but may be available on inter-library loan. Please ask staff for details.
651 #4 - SUBJECT ADDED ENTRY--GEOGRAPHIC NAME
Geographic name United Kingdom
Chronological subdivision
690 ## - LOCAL SUBJECT ADDED ENTRY--TOPICAL TERM (OCLC, RLIN)
Topical term or geographic name as entry element ENVIRONMENTAL AND LAND CONSULTANCY
942 ## - ADDED ENTRY ELEMENTS (KOHA)
Suppress in OPAC 0
948 ## - LOCAL PROCESSING INFORMATION (OCLC); SERIES PART DESIGNATOR (RLIN)
c (OCLC) 04/03/1997
Holdings
Withdrawn status Lost status Source of classification or shelving scheme Damaged status Not for loan Home library Current library Shelving location Date acquired Total Checkouts Full call number Barcode Date last seen Copy number Price effective from Koha item type
    Dewey Decimal Classification     London London Journal article 14/09/1999   ABS55686 18037-1001 06/08/2019 1 06/08/2019 Journal article